| 000 | 00753nam a2200277Ia 4500 | ||
|---|---|---|---|
| 001 | Para_1870 | ||
| 003 | CHAP | ||
| 008 | 220125s1967 xx 000 0 und d | ||
| 010 | _a200463 | ||
| 040 | _cCHAP | ||
| 082 | _aPA 633.368 O1 | ||
| 100 |
_aOrdish, G. _9165337 |
||
| 245 |
_aPest control in groundnuts / _c by G. Ordish, [et. al.] |
||
| 260 | _aLondon . The Ministry of Overseas Development | ||
| 300 | _a138 p. | ||
| 440 |
_aPans manual; 2 _9165338 |
||
| 650 |
_aCacahuate _x enfermedades _916865 |
||
| 650 |
_aCacahuate _x plagas _916894 |
||
| 901 | _aPA 633.368 O1 | ||
| 902 | _aA | ||
| 905 | _a0000001967 a 0000000000 00 | ||
| 910 | _a1967 | ||
| 942 | _cPARA | ||
| 942 |
_cPARA _d1 |
||
| 999 |
_c200463 _d200463 |
||